Un legado de libertad: Milton Friedman en Chile

Guardat en:
Dades bibliogràfiques
Autors principals: Friedman, Milton (Autor), Piñera, José (Autor), Castro, Sergio de (Autor), Bellolio, Jaime (Autor), Soto, Angel (Autor)
Altres autors: Kaiser, Axel (autor)
Format: Llibre
Idioma:espanyol
Publicat: Santiago Instituto Democracia y Mercado 2012
Matèries:
Etiquetes: Afegir etiqueta
Sense etiquetes, Sigues el primer a etiquetar aquest registre!

MARC

LEADER 00000cam a2200000 a 4500
001 UCF7082
003 CL-VaPUC
008 130606e20120000CL |||||||||||||||||spa|d
020 |a 9789568848231 
082 0 4 |a 330.122  |b FRI  |2 21 
100 0 |a Friedman, Milton  |e author  |9 356484 
700 0 |a Piñera, José  |e author  |9 569029 
700 0 |a Castro, Sergio de  |e author  |9 569030 
700 |a Kaiser, Axel  |e autor  |9 596545 
700 0 |a Bellolio, Jaime  |e author  |9 569032 
700 0 |a Soto, Angel  |e author  |9 569033 
245 1 3 |a Un legado de libertad: Milton Friedman en Chile 
300 |a 104 p 
942 |c BK 
945 |d 20130606 00:00:00  |a dcastane 
260 |a Santiago  |b Instituto Democracia y Mercado  |c 2012 
650 0 |a Economía   |9 255568 
650 0 |a Capitalismo  |9 255255 
650 7 |a ESTADO BENEFACTOR SOCIAL  |2 CL-VaPUC  |9 316802 
650 7 |a INDUSTRIA Y ESTADO  |2 CL-VaPUC  |9 258143 
583 |a last modification  |c 20130606 11:56:00  |k Rodrigo Vera 
999 |c 352007  |d 352005 
952 |0 0  |1 0  |4 0  |6 330_122000000000000_FRI_2012  |7 0  |8 A  |9 456486  |a BIBHIS  |b BIBHIS  |d 2019-11-22  |i 4976398  |l 1  |o 330.122 FRI 2012  |p 4976398  |r 2025-01-20  |s 2023-10-19  |w 2019-11-22  |y BK  |k HIS 
952 |0 0  |1 0  |4 0  |6 330_122000000000000_FRI_2012  |7 0  |8 A  |9 456488  |a BIBDER  |b BIBDER  |d 2019-11-22  |i 4970632  |o 330.122 FRI 2012  |p 4970632  |r 2023-01-25  |w 2019-11-22  |y BK  |k DER